LEADER 00838cam0-2200289---450- 001 990005084770403321 005 20111227134654.0 035 $a000508477 035 $aFED01000508477 035 $a(Aleph)000508477FED01 035 $a000508477 100 $a19990604d1909----km-y0itay50------ba 101 0 $ager 102 $aDE 105 $aa-------001ey 200 1 $aBriefe Gedichte Erzählungen$fAnnette Freiin von Droste-Hulshoff 210 $aMünchen$cW. Langewiesche-Brandt$d1909 215 $a413 p.$cill.$d19 cm 676 $a836.6 700 1$aDroste-Hülshoff,$bAnnette : von$f<1797-1848>$0402872 801 0$aIT$bUNINA$gRICA$2UNIMARC 901 $aBK 912 $a990005084770403321 952 $a831.6 DROS 3(1)$bIst.f.m.6845$fFLFBC 959 $aFLFBC 996 $aBriefe Gedichte Erzählungen$9536452 997 $aUNINA LEADER 01883nam1 2200445 450 001 000040395 005 20150213105724.0 100 $a20150213d--------km-y0itaa50------ba 101 2 $agrc$afre 102 $aFR 200 1 $aVies$fPlutarque 210 $aParis$c<> belles lettres 215 $aVolumi$d20 cm 225 2 $aCollection des universités de France 300 $aTraduzione francese con testo greco a fronte 410 0$12001$aCollection des universités de France 463 \1$1001000040396$12001 $aThésée-Romulus ; Lycurgue-Numa 463 \1$1001000040397$12001 $aPériclès-Fabius Maximus ; Alcibiade-Coriolan 463 \1$1001000040398$12001 $aTimoléon-Paul ?>>mile ; Pélopidas-Marcellus 463 \1$1001000040399$12001 $aAristide-Caton l'ancien ; Philop?men-Flamininus 463 \1$1001000040400$12001 $aPyrrhos-Marius ; Lysandre-Sylla 463 \1$1001000040404$12001 $aCimon-Lucullus ; Nicias-Crassus 463 \1$1001000040405$12001 $aSertorius-Eumène ; Agésilas-Pompée 463 \1$1001000040406$12001 $aAlexandre-César 463 \1$1001000040407$12001 $aPhocion-Caton le jeune 463 \1$1001000040408$12001 $aAgis-Cléomène ; Les Gracques 463 \1$1001000040409$12001 $aDémosthène-Cicéron 463 \1$1001000040410$12001 $aDémétrios-Antoine 463 \1$1001000040411$12001 $aDion-Brutus 463 \1$1001000040412$12001 $aArtaxerxès-Aratos ; Galba-Othon 463 \1$1001000040413$12001 $aIndex des nom propres 500 11$aVitae parallelae / Plutarchus$914695 676 $a920.03$v(22. ed.)$9Raccolte generali di biografie del mondo antico 700 0$aPlutarchus$f$0158213 801 0$aIT$bUniversità della Basilicata - B.I.A.$gREICAT$2unimarc 912 $a000040395 996 $aVitae Parallelae$914695 997 $aUNIBAS CAT $aEXT013$b01$c20150213$lBAS01$h1057 FMT LEADER 01349cam0 2200313 450 001 E600200044490 005 20200318115716.0 100 $a20090130d1950 |||||ita|0103 ba 101 $amul 102 $aAR 200 1 $aActas del primer Congreso nacional de filosofìa : Mendoza, marzo 30-abril 9, 1949 / publicaciòn al cuidado de Luis Juan Guerrero 210 $aMendoza$cUniversidad nacional de Cuyo$d1950 215 $a3 volumi$d26 cm 300 $aIn testa al frontespizio: Universidad nacional de Cuyo 702 1$aGuerrero, Luis Juan$3A600200052249$4070 710 12$a*Congreso Nacional de Filosofìa, 1, Mendoza, 1949$3A600200052248$4070$0511208 801 0$aIT$bUNISOB$c20200318$gRICA 850 $aUNISOB 852 $aUNISOB$j100$m8314 852 $aUNISOB$j100$m8315 852 $aUNISOB$j100$m8316 912 $aE600200044490 940 $aM 102 Monografia moderna SBN 941 $aM 957 $a100$bVI (6)$i-1$gSi$d8314$racquisto$1pregresso3$2UNISOB$3UNISOB$420090130095211.0$520180214113450.0$6bethb 957 $a100$bVI (6)$i-2$gSI$d8315$racquisto$1bethb$2UNISOB$3UNISOB$420180214113455.0$520180214113538.0$6bethb 957 $a100$bVI (6)$i-3$gSI$d8316$racquisto$1bethb$2UNISOB$3UNISOB$420180214113614.0$520180214113640.0$6bethb 996 $aActas del primer Congreso nacional de filosofia$9762524 997 $aUNISOB